Iperion Investments Corporation v Broadwalk House Residents Ltd (Record no. 19088)

MARC details
000 -LEADER
fixed length control field 01228cab a2200241 4500
001 - CONTROL NUMBER
control field X3070
008 - FIXED-LENGTH DATA ELEMENTS--GENERAL INFORMATION
fixed length control field 090401t1996 xxu||||| |||| 00| 0 eng d
035 ## - SYSTEM CONTROL NUMBER
System control number (Sirsi) u28325
041 ## - LANGUAGE CODE
Language code of text/sound track or separate title eng
245 ## - TITLE STATEMENT
Title Iperion Investments Corporation v Broadwalk House Residents Ltd
260 ## - PUBLICATION, DISTRIBUTION, ETC.
Date of publication, distribution, etc. 1996
350 ## - PRICE (NR) (BK AM CF MU VM SE) [OBSOLETE]
Price 0
490 ## - SERIES STATEMENT
Series statement Property and Compensation Reports
Volume/sequential designation 1996 71 P&CR 34-42(10)
520 ## - SUMMARY, ETC.
Summary, etc. CA 23 November 1994. Plaintiff tenant covenanted to pay service chargee which included the landlord`s cost. Litigation between landlord and tenant.. Whether as a matter of construction, landlord`s costs of litigation were within the covenant. If so, whether court should exercise discretion under s20C of the Landlord and Tenant Act 1985 to direct that litigation costs not to be regarded as relevant in determining plaintiff`s service charge. Whether costs award to be upheld. (Headnote from abstract) (See also Abs54020)
650 ## - SUBJECT ADDED ENTRY--TOPICAL TERM
Topical term or geographic name entry element FORFEITURE
650 ## - SUBJECT ADDED ENTRY--TOPICAL TERM
Topical term or geographic name entry element LANDLORD AND TENANT ACT 1985 S20C
650 ## - SUBJECT ADDED ENTRY--TOPICAL TERM
Topical term or geographic name entry element LAW OF PROPERTY ACT 1925
650 ## - SUBJECT ADDED ENTRY--TOPICAL TERM
Topical term or geographic name entry element LEGAL COSTS
650 ## - SUBJECT ADDED ENTRY--TOPICAL TERM
Topical term or geographic name entry element IPERION INVESTMENTS V BROADWALK HOUSE RESIDENTS
690 ## - LOCAL SUBJECT ADDED ENTRY--TOPICAL TERM (OCLC, RLIN)
Topical term or geographic name as entry element LANDLORD AND TENANT-CASE LAW-BUSINESS TENANCIES
942 ## - ADDED ENTRY ELEMENTS (KOHA)
Suppress in OPAC 0
948 ## - LOCAL PROCESSING INFORMATION (OCLC); SERIES PART DESIGNATOR (RLIN)
c (OCLC) 04/03/1997
Holdings
Withdrawn status Lost status Source of classification or shelving scheme Damaged status Not for loan Home library Current library Shelving location Date acquired Total Checkouts Full call number Barcode Date last seen Copy number Price effective from Koha item type
    Dewey Decimal Classification     London London Journal article 14/09/1999   X3070 28325-1001 06/08/2019 1 06/08/2019 Law report